00550nam a2200169 4500003001100000005001700011008004100028020001500069040003900084041000800123082001600131100002800147245010500175260004000280300002300320650003700343LK-CoMWRAF20231207123942.0231126b2002 |||||||| |||| 00| 0 eng d a9559151355 aLK-CoMWRAFdLK-CoMWRAFeLK-CoMWRAF aeng a348.04bHUS aHussain, M. S. Mohammed aHussain's complete digest of case law of Sri Lanka : 1820-2000, bVol-17 Poor law to Public security aKandy : bArafa (Pvt.) Ltd., c2002 axiv, 671 p.; 26 cm aLaw reports, digests, -Sri Lanka